| 000 | 00460nam a22001817a 4500 | ||
|---|---|---|---|
| 003 | CEME | ||
| 005 | 20210628205139.0 | ||
| 008 | 210226b xxu||||| |||| 00| 0 eng d | ||
| 020 | _a0-433-00350-2 | ||
| 040 | _c. | ||
| 082 | _a621.042 AIR'A | ||
| 100 |
_aAird, Edwin G. A _974163 |
||
| 245 | _aAn introduction to medical physics | ||
| 260 |
_aLONDON _bWILLIAM HENIMANN _c1975 |
||
| 300 | _aVIII, 293P | ||
| 650 |
_a ACC NO-30783 _974164 |
||
| 942 |
_cBK _2ddc |
||
| 999 |
_c579725 _d579725 |
||